Statistics for Adventure Time Trivia

Click here to take the quiz!

General Stats

  • This quiz has been taken 42 times
  • The average score is 9 of 19

Answer Stats

Hint Answer % Correct
"Daddy, why did you eat my _____?"fries
88%
What is the name of BMO's alter ego that lived in the mirror?Football
75%
What colour are the lenses of simon petrikof's glasses?Blue
75%
"Baby, I'm not from here, I'm from the ____________,"nightosphere
63%
What is the name of the small Fire Kingdom inhabitant that is usually seen to be Finn and Jake's ally?Flambo
59%
What is Lemongrab's title?Earl
59%
Ancient _______ Tandem War ElephantPsychic
56%
What is the name of LSP's ex-boyfriend?Brad
53%
Who is Ice King's created son?NEPTR
53%
What did the Vampire King turn into after his vampiric essence was extracted?A lion
50%
"Everything stays, right where you ____ __"left it
47%
What is the name of Marceline's stuffed toy from her childhood?Hambo
47%
"I'm a _____ ______ baby, I can punch-a your buns!"tough tootin'
47%
"I'm gonna drink the red from your pretty, ____ face,"pink
41%
What is the name of Finn and Jake's favourite merchandise supplier?Choose Goose
38%
What is the name of the creator of the crown?Urgence Evergreen
34%
What kind of witch is Maja?Sky Witch
31%
What is the name of the sphynx created by Princess Bubblegum using Finn's hair?Stormo
22%
What is the name of the war that Marceline grew up in.Mushroom Wars
0%

Score Distribution

Percentile by Number Answered

Percent of People with Each Score

Your Score History

You have not taken this quiz